[Event "3rd Mersin Open 2018"]
[Site "Mersin"]
[Date "2018.09.12"]
[Round "6.14"]
[White "Subasi, Fidel"]
[Black "Zuberoglu, Ibrahim Berk"]
[Result "0-1"]
[WhiteElo "1659"]
[BlackElo "1633"]
[Annotator "NA"]
[PlyCount "78"]
[EventDate "2018.09.09"]
[EventType "swiss"]
[EventCountry "TUR"]
[SourceTitle "playchess.com"]
[Source "ChessBase"]
[SourceQuality "1"]
[TimeControl "5400+30"]

1. d4 {[%emt 0:00:30]} f5 {[%emt 0:00:30]} 2. Bg5 {[%emt 0:00:00]} g6 {[%emt 0:00:00]} 3. Nd2 {[%emt 0:02:00]} Bg7 {[%emt 0:03:00]} 4. e4 {[%emt 0:02:30]} d5 {[%emt 0:14:30]} 5. e5 {[%emt 0:04:30]} c5 {[%emt 0:00:30]} 6. f4 {[%emt 0:04:30]} Qb6 {[%emt 0:08:30]} 7. dxc5 {[%emt 0:25:30]} Qxb2 {[%emt 0:01:30]} 8. Ngf3 {[%emt 0:01:30]} Qc3 {[%emt 0:09:30]} 9. Bb5+ {[%emt 0:07:30]} Nc6 {[%emt 0:01:30]} 10. Bxc6+ {[%emt 0:03:30]} bxc6 {[%emt 0:00:30]} 11. O-O {[%emt 0:00:00]} Qxc5+ {[%emt 0:04:30]} 12. Kh1 {[%emt 0:00:00]} Nh6 {[%emt 0:00:30]} 13. Nb3 {[%emt 0:03:30]} Qb6 {[%emt 0:02:30]} 14. h3 {[%emt 0:00:30]} Nf7 {[%emt 0:03:30]} 15. Bh4 {[%emt 0:00:30]} h6 {[%emt 0:01:30]} 16. Bf2 {[%emt 0:03:30]} Qc7 {[%emt 0:02:30]} 17. Nfd4 {[%emt 0:03:30]} O-O {[%emt 0:09:30]} 18. Nc5 {[%emt 0:02:30]} Nd8 {[%emt 0:01:30]} 19. Rb1 {[%emt 0:05:30]} Qa5 {[%emt 0:03:30]} 20. Nxc6 {[%emt 0:03:30]} Qc7 {[%emt 0:04:30]} 21. Nxe7+ {[%emt 0:04:30]} Qxe7 {[%emt 0:01:30]} 22. Qxd5+ {[%emt 0:00:30]} Ne6 {[%emt 0:00:30]} 23. Qxa8 {[%emt 0:01:30]} Nxc5 {[%emt 0:05:30]} 24. Qd5+ {[%emt 0:01:22]} Ne6 {[%emt 0:00:30]} 25. Be1 {[%emt 0:04:32]} Rd8 {[%emt 0:01:45]} 26. Qc4 {[%emt 0:00:53]} Kh7 {[%emt 0:02:03]} 27. Bb4 {[%emt 0:00:26]} Qh4 {[%emt 0:03:09]} 28. Ba5 {[%emt 0:00:53]} Re8 {[%emt 0:02:44]} 29. Rb8 {[%emt 0:04:04]} Ng5 {[%emt 0:09:56]} 30. Be1 {[%emt 0:05:02]} Qh5 {[%emt 0:00:01]} 31. fxg5 {[%emt 0:03:24]} Be6 {[%emt 0:00:02]} 32. Qc7 {[%emt 0:01:44]} Bd5 {[%emt 0:01:06]} 33. Kg1 {[%emt 0:00:19]} Qe2 {[%emt 0:00:54]} 34. Rf2 {[%emt 0:02:06]} Qxe1+ {[%emt 0:00:05]} 35. Rf1 {[%emt 0:00:02]} Qe3+ {[%emt 0:01:43]} 36. Rf2 {[%emt 0:00:29]} Qe1+ {[%emt 0:00:01]} 37. Rf1 {[%emt 0:00:04]} Qg3 {[%emt 0:00:01]} 38. Rf2 {[%emt 0:00:15]} Rxe5 {[%emt 0:00:13]} 39. Qd8 {[%emt 0:01:18]} Re1+ {[%emt 0:00:29]} 0-1

[Event "3rd Mersin Open 2018"]
[Site "Mersin"]
[Date "2018.09.15"]
[Round "8.1"]
[White "Iskandarov, Misratdin"]
[Black "Rasulov, Vugar"]
[Result "0-1"]
[WhiteElo "2482"]
[BlackElo "2527"]
[Annotator "TA"]
[PlyCount "110"]
[EventDate "2018.09.09"]
[EventType "swiss"]
[EventCountry "TUR"]
[SourceTitle "playchess.com"]
[Source "ChessBase"]
[SourceQuality "1"]

{[%evp 19,110,0,0,-58,-14,-29,-29,-29,-29,-29,-33,-32,-29,-31,-25,-11,-16,-38,-31,-49,-41,-55,-56,-54,-7,-11,-8,-16,-13,-62,-62,-54,-57,-70,-70,-83,-83,-81,-84,-96,-88,-109,-97,-103,-105,-109,-107,-80,-79,-40,-26,-67,0,0,0,-120,-115,-120,-120,-120,-120,-120,-120,-119,-112,-181,-172,-231,-231,-233,-231,-360,-345,-678,-658,-682,-608,-727,-709,-728,-721,-668,-668,-777,-701,-2022,-1853,-1290,-1052,-2603,-2269,-4727,-2647]} 1. Nf3 c5 2. c4 Nc6 3. Nc3 g6 4. e3 Nf6 5. d4 cxd4 6. exd4 d5 7. Bg5 Be6 8. Bxf6 exf6 9. Be2 {B13: Caro-Kann (Abtausch-Variante 4.c4)} (9. c5 Bg7 10. Bb5 O-O 11. O-O Bg4 12. Bxc6 bxc6 13. h3 Bxf3 14. Qxf3 Rb8 15. b3 f5 16. Rfd1 Qh4 17. Ne2 {½-½ (47) Romanov,E (2626)-Volkov,S (2645) St Petersburg 2017}) 9... Bg7 10. O-O O-O {LiveBook: 8 Partien} 11. Rc1 (11. Qd2 $11) 11... Bh6 $146 ({Vorgänger:} 11... f5 12. Qd2 dxc4 13. Rfd1 Nb4 14. d5 Bxc3 15. bxc3 Nxd5 16. Bxc4 Nb6 {1-0 (27) Carlstedt,J (2373)-Iversen,C (1876) Odense 2013}) 12. Rb1 Bf5 13. Bd3 Bxd3 14. Qxd3 dxc4 15. Qxc4 Rc8 16. Qa4 Qa5 17. Qxa5 Nxa5 18. Rfe1 Rfd8 19. g3 f5 20. Kg2 Kf8 21. Re2 a6 22. Na4 Bg7 23. b4 $1 {[%cal Rb4a5]} Nc6 24. d5 Nd4 25. Nxd4 Bxd4 26. Rd1 Ba7 27. Rd3 Rc4 28. a3 b5 29. Nc3 Rdc8 30. Nd1 Rd4 31. Rxd4 Bxd4 $17 {[%mdl 4096] Endspiel KTL-KTS} 32. Rd2 Bb6 33. d6 Rc4 34. Rd5 Rd4 35. Ne3 Re4 ({Lieber} 35... f6 $15) 36. Kf3 $11 Re6 37. Rd3 (37. Nc2 $11 {bleibt in der Remisbreite.}) 37... Ke8 $17 38. a4 Bxe3 39. fxe3 bxa4 {KT-KT} 40. Ra3 Rxd6 41. Rxa4 Kd7 42. Ra5 (42. h3 $17) 42... Rb6 $19 43. h4 {[#]} (43. Rd5+ $142 Ke7 44. Rd4) 43... h5 $1 ({Keinesfalls} 43... Rxb4 44. Rxa6 Ke7 45. Kf2 $17) 44. Rd5+ Kc6 45. Rc5+ (45. Ra5 $142) 45... Kb7 46. Rd5 $2 (46. Rc4 Re6 47. Ke2) 46... Rxb4 {Schwarz steht klar auf Gewinn.} 47. Rd7+ Kb6 48. Rxf7 Rg4 49. Rf8 a5 {[%cal Ba6a5,Ba5a4][%mdl 32]} 50. Rb8+ Kc5 51. Ra8 Kb4 52. Rb8+ Kc3 53. Rc8+ Kb3 54. Rc6 a4 55. Rb6+ Rb4 {Precision: Weiß = 39%, Schwarz = 82%.} 0-1

[Event "3rd Mersin Open 2018"]
[Site "Mersin"]
[Date "2018.09.15"]
[Round "8.2"]
[White "Annaberdiev, Meilis"]
[Black "Odeev, Handszar"]
[Result "1-0"]
[WhiteElo "2514"]
[BlackElo "2410"]
[Annotator "TA"]
[PlyCount "97"]
[EventDate "2018.09.09"]
[EventType "swiss"]
[EventCountry "TUR"]
[SourceTitle "playchess.com"]
[Source "ChessBase"]
[SourceQuality "1"]

{[%evp 19,97,28,59,62,35,3,11,16,25,-14,19,41,14,14,205,196,197,191,372,206,216,88,88,88,92,89,101,71,64,42,53,49,58,47,47,54,54,50,55,55,55,44,55,55,58,58,58,58,63,65,65,65,66,67,72,72,121,121,121,121,199,199,1019,971,1363,105,2234,859,2141,2032,1844,1709,2082,2216,2020,1645,1708,664,2610,2379]} 1. e4 {Moradiabadi,E} c5 2. Nf3 d6 3. d4 cxd4 4. Nxd4 Nf6 5. Nc3 a6 6. h4 {B90: Sicilian Najdorf: Unusual White 6th moves, 6 Be3 Ng4 and 6 Be3 e5} (6. h3 e6 7. g4 h6 8. Bg2 g5 9. Be3 Nbd7 10. Qe2 Ne5 11. O-O-O Nfd7 12. h4 Rg8 13. hxg5 hxg5 14. Kb1 b5 15. f4 gxf4 16. Bxf4 Bb7 {½-½ (56) Karjakin,S (2773)-Mamedyarov,S (2801) Saint Louis 2018}) 6... e5 7. Nb3 Be6 8. f4 Nc6 9. f5 Bxb3 10. axb3 d5 {LiveBook: 3 Games} 11. exd5 Nd4 12. Qd3 $146 ({Predecessor:} 12. Bd3 Nxd5 13. Bb5+ Nxb5 14. Nxd5 {½-½ (66) Naroditsky,D (2646)-Zherebukh,Y (2605) Saint Louis 2017 CBM 178 [Moradiabadi,E]}) 12... Rc8 13. Bg5 Bb4 14. Rh3 (14. Bxf6 $5 Qxf6 15. g4 $15) 14... Qxd5 15. O-O-O Qa5 16. Kb1 Be7 $2 (16... Ng4 $11 {and Black has nothing to worry.} 17. Rd2 (17. Qe4 $2 Nf2 $19) 17... h5) 17. Bxf6 $1 $18 gxf6 {[#]} ({Of course not} 17... Bxf6 $6 18. Qe4 $14) 18. Qe4 $1 b5 $2 (18... Nc6 {might work better.} 19. g4 Rd8) 19. Bd3 ({Inferior is} 19. Rxd4 exd4 20. Nd5 (20. Qxd4 O-O $15) 20... Qd8 $14) (19. Nd5 $142) 19... Nc6 20. Nd5 (20. g4 $18 {is more deadly.}) 20... Nb4 $16 21. Nxb4 Qxb4 22. Qb7 O-O 23. Re3 Rfd8 24. Re4 Qd6 25. Be2 Qc6 26. Rxd8+ Bxd8 27. Qxc6 Rxc6 $14 {[%mdl 4096] Endgame KRB-KRB} 28. c3 Rd6 29. Kc2 Bb6 30. b4 Bf2 31. Bf3 Kf8 32. h5 h6 33. Re2 Ba7 34. Rd2 Ke7 35. Bb7 Rb6 36. Bc8 Rd6 37. b3 {[%cal Bb2b3,Bb3c4,Bc4c5][%mdl 32]} e4 38. Rxd6 Kxd6 39. Bxa6 $16 {KB-KB} Kc6 {[#]} (39... Ke5 $16) 40. c4 $1 $18 bxc4 $2 (40... Bf2 41. Bxb5+ Kd6) 41. bxc4 Bd4 42. Kb3 $2 (42. c5 $18 {has better winning chances. aiming for Kb3.} Kd5 43. Kb3) 42... Kd6 $2 {[%mdl 8192]} (42... Kb6 $16 43. Bb5 e3) 43. c5+ {White is clearly winning.} Ke5 44. Bb7 Kxf5 45. Kc4 Ke5 46. b5 {[%cal Bb4b5,Bb5b6][%mdl 32]} f5 47. b6 Bf2 48. Bd5 {Hoping for b7.} Kf6 49. Kb5 {Precision: White = 63%, Black = 23%.} 1-0

[Event "3rd Mersin Open 2018"]
[Site "Mersin"]
[Date "2018.09.15"]
[Round "8.3"]
[White "Isik, Engin Yasar"]
[Black "Khodashenas, Mersad"]
[Result "0-1"]
[WhiteElo "2171"]
[BlackElo "2452"]
[Annotator "TA"]
[PlyCount "84"]
[EventDate "2018.09.09"]
[EventType "swiss"]
[EventCountry "TUR"]
[SourceTitle "playchess.com"]
[Source "ChessBase"]
[SourceQuality "1"]

{[%evp 13,84,0,7,8,29,-4,-9,-4,-9,0,0,0,0,0,4,-1,0,-8,0,0,0,0,0,0,0,-188,-191,-193,-195,-196,-188,-189,-203,-202,-158,-244,-254,-244,-229,-284,-291,-285,-290,-275,-258,-275,-276,-304,-297,-392,-387,-429,-357,-371,-359,-363,-358,-361,-356,-413,-406,-597,-610,-29968,-29968,-29975,-29976,-29976,-29977,-29976,-29977,-29968,-29961]} 1. d4 Nf6 2. c4 e6 3. Nc3 Bb4 4. e3 O-O 5. Nge2 d5 6. a3 Be7 7. Ng3 Nbd7 8. cxd5 {E46: Nimzo-Indian: Rubinstein: 4 e3 0-0 5 Ne2 without early Bd3} exd5 (8... Nxd5 9. Bd3 c5 10. O-O N5f6 11. Bc2 b6 12. d5 exd5 13. Nxd5 Ba6 14. Re1 Nxd5 15. Qxd5 Nf6 {1-0 (46) Jobava,B (2669)-Erdos,V (2582) Budva 2009}) 9. Qf3 $146 ({Predecessor:} 9. Bd3 Re8 10. O-O c5 11. dxc5 Nxc5 12. Be2 Be6 13. b4 Nce4 14. Ngxe4 {½-½ (14) Martinez Romero,M (2379)-Sanchez,S (2320) Medellin 2014}) 9... c6 10. Nf5 {The position is equal.} Re8 11. Nxe7+ Qxe7 12. Be2 a5 13. O-O Nb6 {[%cal Bd7b6,Bb6c8,Bc8d6,Bd6e4][%mdl 32]} 14. Qg3 Bf5 15. f3 Bg6 16. Bd2 Nc8 17. Rfe1 Nd6 18. Bf1 b5 19. Nd1 $2 {[#]} (19. Qf2 $11) 19... Nde4 $1 {[%mdl 512]} 20. fxe4 Nxe4 21. Qf4 {Hoping for Bc1.} Nxd2 22. Rc1 Qb7 23. Nf2 Re6 24. Ng4 (24. Nd3 $17 {was worth a try.}) 24... Rae8 $19 25. Ne5 Nc4 {[%cal Rc4e5]} 26. Bxc4 bxc4 27. Nxg6 {With the idea Nh4.} hxg6 ({Don't do} 27... fxg6 28. Qf2 $19) 28. Qf2 Qb6 29. Re2 Qb3 30. Rc3 Qd1+ 31. Re1 {[#]} Qxd4 $1 {[%mdl 512]} 32. Rf1 (32. exd4 Rxe1+) 32... Qf6 33. Qd2 Qg5 34. b3 cxb3 ({Don't take} 34... Rxe3 35. bxc4 dxc4 36. Rxc4 $19) 35. Rxb3 Rxe3 36. Rb7 f6 37. h4 (37. Rc7 $142) 37... Qxh4 38. Qxa5 Re1 {Black mates.} 39. Rb1 Qd4+ 40. Kh2 R1e5 41. Rb3 Rh5+ 42. Rh3 Qe5+ {Precision: White = 54%, Black = 85%.} 0-1

[Event "3rd Mersin Open 2018"]
[Site "Mersin"]
[Date "2018.09.15"]
[Round "8.4"]
[White "Shishkin, Vadim"]
[Black "Bagaturov, Giorgi"]
[Result "1-0"]
[WhiteElo "2443"]
[BlackElo "2396"]
[Annotator "TA"]
[PlyCount "77"]
[EventDate "2018.09.09"]
[EventType "swiss"]
[EventCountry "TUR"]
[SourceTitle "playchess.com"]
[Source "ChessBase"]
[SourceQuality "1"]

{[%evp 21,77,10,16,18,18,14,5,0,17,14,11,13,14,8,20,13,0,2,13,17,15,23,16,22,49,13,79,81,90,84,89,88,80,86,82,83,81,81,91,64,83,78,122,31,591,591,4133,4134,4132,0,2851,1352,897,666,638,584,1907,1820]} 1. d4 Nf6 2. c4 b6 3. Nc3 Bb7 4. Qc2 d5 5. cxd5 Nxd5 6. Nf3 e6 7. e4 {A50: Queen's Fianchetto Defence (1 d4 Nf6 2 c4 b6)} Nxc3 8. bxc3 Be7 9. Bd3 c5 10. O-O (10. Bb5+ Bc6 11. Bxc6+ Nxc6 12. Qa4 Qd7 13. O-O O-O 14. Be3 Ne5 15. Qxd7 Nxd7 16. a4 Rfc8 17. Rfb1 Nf6 18. Bg5 cxd4 {½-½ (19) Gleizerov,E (2513)-Stupak,K (2575) Suwalki 2018}) 10... cxd4 11. cxd4 O-O {LiveBook: 7 Games} 12. Bb2 Nc6 13. Qe2 Rc8 14. Rac1 Nb4 $146 15. Bc4 Rxc4 16. Rxc4 {And now a3 would win.} Ba6 17. Rfc1 Nxa2 18. Ra1 Nb4 19. Rxa6 $1 Nxa6 20. Ra4 Nb4 21. Rxa7 Nc6 22. Ra1 Bf6 23. Qc4 Na5 (23... Qd7 $11) 24. Qb5 $16 Qc7 25. Rc1 Qb7 26. Ba3 Ra8 27. e5 $36 {[%mdl 2048] White is on the roll.} Be7 28. Bxe7 Qxe7 29. Qxb6 Qa3 30. Rb1 (30. Qc7 {with more complications.} Nb3 31. Rd1 h6 32. h3 Qa7 33. Qc2) 30... h6 31. h3 Rc8 32. Kh2 (32. d5 $16 exd5 33. e6) 32... Rc3 $2 {[%mdl 8192]} ({Better is} 32... Nc6 $1 $14) 33. Qd8+ $18 Kh7 34. Rb8 {White wants to mate with Nh4.} Rxf3 {[#]} 35. Qh8+ $1 ({Not} 35. gxf3 Qxf3 36. Qh4 (36. Qxa5 Qxf2+ 37. Kh1 Qf1+ 38. Kh2 Qf2+ 39. Kh1 Qf1+ 40. Kh2 Qf2+ $11) (36. Kg1 Qd1+ 37. Kh2 Qf3 $14) 36... Nb3 $14) 35... Kg6 36. Rg8 {White is clearly winning.} Kf5 37. Qxg7 {[%csl Gg8,Gh3][%cal Rg7g4]} Ke4 38. gxf3+ Kd3 39. Qh7+ {Precision: White = 71%, Black = 43%.} 1-0

[Event "3rd Mersin Open 2018"]
[Site "Mersin"]
[Date "2018.09.15"]
[Round "8.5"]
[White "Tarlev, Konstantin"]
[Black "Annaberdiyev, Babageldi"]
[Result "1/2-1/2"]
[WhiteElo "2564"]
[BlackElo "2214"]
[Annotator "TA"]
[PlyCount "46"]
[EventDate "2018.09.09"]
[EventType "swiss"]
[EventCountry "TUR"]
[SourceTitle "playchess.com"]
[Source "ChessBase"]
[SourceQuality "1"]

{[%evp 17,46,34,40,45,53,41,36,35,46,28,41,30,31,32,35,34,46,45,46,39,54,12,25,-286,-299,-1316,14,-498,126,12,17]} 1. e4 e5 2. Nf3 Nf6 3. Nxe5 d6 4. Nf3 Nxe4 5. d4 d5 6. Bd3 Be7 7. O-O O-O 8. Re1 Nf6 9. h3 h6 {LiveBook: 3 Games. C42: Petroff Defence: 3 Nxe5 and unusual White 3rd moves} (9... Nbd7 10. Bf4 Re8 11. Nbd2 Nf8 12. c3 Ne6 13. Be5 g6 14. Qc2 c6 {½-½ (14) Vajda,L (2557)-Ilincic,Z (2467) Kecskemet 2011}) 10. Bf4 c5 11. dxc5 Bxc5 {White is slightly better.} 12. Nc3 $146 {[%cal Bb1c3,Bc3b5,Bb5d4][%mdl 32]} ({Predecessor:} 12. Nbd2 Nc6 13. Nb3 Bd6 14. Bxd6 Qxd6 15. c3 Nh5 16. Nfd4 Nf4 17. Qf3 {1-0 (51) Qi,J-Barua,D (2390) New Delhi 1983}) 12... Nc6 13. a3 Bd6 14. Qd2 {Strongly threatening Bxh6!} Bxf4 15. Qxf4 Be6 16. Nb5 Rc8 17. Nfd4 Nxd4 18. Nxd4 Qb6 19. b4 Bd7 20. Re3 $2 {[%mdl 8192] [#]} (20. Nf3 $11 {and White stays safe.}) 20... g5 $1 $19 {[%cal Rg5f4]} 21. Re7 $2 (21. Rg3 Nh5 22. Rxg5+ hxg5 23. Qxg5+ Ng7 24. Qxd5) 21... Rfe8 $2 (21... gxf4 $19 22. Rd1 Rc3) 22. Qe5 $2 {[%mdl 8192]} (22. Rxe8+ $11 {and White has nothing to worry.} Rxe8 23. Qd2) 22... Rf8 $2 (22... Rxe7 $19 23. Qxe7 Qxd4) 23. Qe3 (23. Ne6 $16 fxe6 {[#]} 24. Bh7+ $1 {[%mdl 512]} Kh8 25. Rxd7) 23... Rfe8 {Precision: White = 32%, Black = 42%.} 1/2-1/2

[Event "3rd Mersin Open 2018"]
[Site "Mersin"]
[Date "2018.09.15"]
[Round "8.6"]
[White "Bacak, Muhammed Kaan"]
[Black "Dogan, Nazmi Can"]
[Result "1-0"]
[WhiteElo "2126"]
[BlackElo "2275"]
[Annotator "NA"]
[PlyCount "89"]
[EventDate "2018.09.09"]
[EventType "swiss"]
[EventCountry "TUR"]
[SourceTitle "playchess.com"]
[Source "ChessBase"]
[SourceQuality "1"]
[TimeControl "5400+30"]

{[%evp 8,89,14,8,25,14,2,0,32767,32767,32767,23,23,10,26,-35,-3,-3,16,24,26,0,21,12,34,31,50,54,47,0,21,9,2,32767,32767,32767,32767,32767,55,37,35,19,64,58,68,68,61,48,54,46,49,40,47,48,43,34,61,62,70,58,49,45,45,45,51,20,173,34,35,0,137,150,222,131,301,315,602,620,687,791,1521,3098,1706,29975]} 1. Nf3 {[%emt 0:00:30]} d5 {[%emt 0:00:30]} 2. g3 {[%emt 0:00:00]} c6 {[%emt 0:00:30]} 3. Bg2 {[%emt 0:00:00]} Bg4 {[%emt 0:00:30]} 4. c4 {[%emt 0:00:30]} e6 {[%emt 0:04:30]} 5. O-O {[%emt 0:02:30]} Nd7 {[%emt 0:02:30]} 6. d3 {[%emt 0:00:30] LiveBook: 164 Games} Ngf6 {[%emt 0:03:30]} 7. Nc3 {[%emt 0:03:30]} Bxf3 {[%emt 0:03:30] A11: English Opening: 1...c6} (7... Be7 8. Be3 O-O 9. Qb3 Bxf3 10. Bxf3 Ne5 11. Qxb7 Nxf3+ 12. exf3 d4 13. Bxd4 Qxd4 14. Qxe7 Qxd3 15. Qc5 Qxf3 {0-1 (63) Pantsulaia,L (2605)-Sevian,S (2614) chess.com INT 2018}) 8. exf3 {[%emt 0:00:30]} Be7 {[%emt 0:04:30]} 9. a3 $146 {[%emt 0:06:30]} ({Predecessor:} 9. f4 dxc4 10. dxc4 O-O 11. Qc2 Qc7 12. b3 {½-½ (12) Simic,D (2306)-Mijailovic,Z (2409) Banja Vrujci 2017}) 9... a5 {[%emt 0:06:30]} 10. Rb1 {[%emt 0:04:30]} O-O {[%emt 0:07:30]} 11. b4 {[%emt 0:01:30]} axb4 {[%emt 0:00:30]} 12. axb4 {[%emt 0:01:30]} Qc7 {[%emt 0:06:30]} 13. Qb3 {[%emt 0:03:30]} Rfd8 {[%emt 0:08:30]} 14. Re1 {[%emt 0:15:30]} Bf8 {[%emt 0:01:30]} 15. Bf4 {[%emt 0:01:30]} Bd6 {[%emt 0:00:30]} 16. Be3 {[%emt 0:00:30]} h6 {[%emt 0:10:30]} 17. Rec1 {[%emt 0:11:30]} Qb8 {[%emt 0:04:30]} 18. Na4 {[%emt 0:03:30]} (18. f4 $14) 18... e5 {[%emt 0:07:30]} 19. Nb6 {[%emt 0:11:30]} Nxb6 {[%emt 0:02:30]} 20. Bxb6 {[%emt 0:00:30]} dxc4 {[%emt 0:00:30]} 21. dxc4 {[%emt 0:00:30]} Bc7 {[%emt 0:00:30]} 22. Be3 {[%emt 0:00:30]} Qc8 {[%emt 0:02:30]} 23. Bf1 {[%emt 0:06:30]} Qf5 {[%emt 0:03:05]} 24. Be2 {[%emt 0:00:30]} Rd7 {[%emt 0:05:42]} 25. Rd1 {[%emt 0:01:30]} Rad8 {[%emt 0:00:50]} 26. Rxd7 {[%emt 0:01:30]} Qxd7 {[%emt 0:01:51]} 27. Rd1 {[%emt 0:00:30]} Qe8 {[%emt 0:00:42]} 28. Rxd8 {[%emt 0:00:30]} Qxd8 {[%emt 0:00:40]} 29. b5 {[%emt 0:00:30]} Qd7 {[%emt 0:01:32]} 30. bxc6 {[%emt 0:08:53]} bxc6 {[%emt 0:01:47]} 31. Kg2 {[%emt 0:00:46]} g5 {[%emt 0:03:27]} 32. Qc2 {[%emt 0:01:07]} Kg7 {[%emt 0:00:40]} 33. h3 {[%emt 0:00:30]} Qe6 {[%emt 0:02:00]} 34. Bd3 {[%emt 0:00:18]} Bd6 {[%emt 0:00:45]} 35. Bf5 {[%emt 0:02:59]} Qe7 {[%emt 0:00:41]} 36. Qa4 {[%emt 0:01:17]} Qb7 $11 {[%emt 0:01:22] [#]} 37. Qd1 {[%emt 0:01:02]} ({White should try} 37. h4 $1 $18) 37... Qe7 $1 {[%emt 0:00:12]} 38. Qa4 {[%emt 0:01:48]} Qe8 {[%emt 0:01:21] [#]} 39. h4 $1 {[%emt 0:00:43]} e4 {[%emt 0:02:13]} (39... gxh4 $16 {was called for.} 40. c5 (40. gxh4 h5 $16) 40... h3+ 41. Kxh3 Be7) 40. hxg5 {[%emt 0:01:15]} ({White should play} 40. fxe4 $18 gxh4 41. gxh4) 40... hxg5 $2 {[%emt 0:00:24]} (40... exf3+ $16 41. Kxf3 hxg5) 41. fxe4 {[%emt 0:00:59]} ({Schwächer ist} 41. Bxg5 exf3+ 42. Kxf3 Qe1 $16) 41... Qe5 $2 {[%emt 0:00:45]} (41... Be5 42. Bxg5 Bd4) 42. Qxc6 {[%emt 0:00:15]} Nh7 {[%emt 0:00:29]} 43. c5 {[%emt 0:00:20]} Be7 {[%emt 0:00:09]} 44. Qd5 {[%emt 0:00:22]} Qc7 $18 {[%emt 0:00:06]} 45. Bxh7 {[%emt 0:00:08]} 1-0

[Event "3rd Mersin Open 2018"]
[Site "Mersin"]
[Date "2018.09.15"]
[Round "8.7"]
[White "Kazimova, Narmin"]
[Black "Ersahin, Bulent"]
[Result "1/2-1/2"]
[WhiteElo "2264"]
[BlackElo "2191"]
[Annotator "NA"]
[PlyCount "71"]
[EventDate "2018.09.09"]
[EventType "swiss"]
[EventCountry "TUR"]
[SourceTitle "playchess.com"]
[Source "ChessBase"]
[SourceQuality "1"]
[TimeControl "5400+30"]

{[%evp 17,71,42,48,41,32767,32767,32767,32767,51,41,57,27,68,50,75,82,87,0,0,-26,-19,-14,-7,32767,32767,32767,32767,32767,32767,-34,-36,-35,-35,-34,-36,-37,-35,-26,-26,-17,-26,-6,32767,32767,32767,32767,38,32767,32767,32767,32767,32767,32767,32767,32767,0]} 1. Nf3 {[%emt 0:00:30]} Nf6 {[%emt 0:00:30]} 2. c4 {[%emt 0:00:30]} g6 {[%emt 0:00:30]} 3. d4 {[%emt 0:01:30]} c5 {[%emt 0:00:00]} 4. Nc3 {[%emt 0:00:30]} cxd4 {[%emt 0:00:00]} 5. Nxd4 {[%emt 0:00:30]} Bg7 {[%emt 0:00:30]} 6. e4 {[%emt 0:00:30]} O-O {[%emt 0:00:00]} 7. Be2 {[%emt 0:00:00]} Nc6 {[%emt 0:00:00]} 8. Be3 {[%emt 0:00:00]} d6 {[%emt 0:00:30]} 9. O-O {[%emt 0:00:30]} Bd7 {[%emt 0:00:30]} 10. Qd2 {[%emt 0:09:30] LiveBook: 1800 Partien} Nxd4 {[%emt 0:03:30]} 11. Bxd4 {[%emt 0:00:30]} Bc6 {[%emt 0:00:00]} 12. Bd3 {[%emt 0:00:30]} Qa5 {[%emt 0:10:00] B38: Sicilian: Maroczy Bind with 5...Bg7 and 7...0-0} (12... a5 13. Rae1 a4 14. Nd5 e6 15. Nb4 Bd7 16. Rd1 Qe7 17. Rfe1 Rfc8 18. Bf1 e5 19. Bb6 Be6 20. b3 axb3 21. axb3 {½-½ (36) Wojtaszek,R (2727)-Mamedov,R (2650) Huaian 2016}) 13. a3 {[%emt 0:08:30] [#]} Qh5 $146 {[%emt 0:07:30]} ({Predecessor:} 13... Ng4 14. Bxg7 Kxg7 15. h3 Nf6 16. Rfe1 e5 17. Bf1 Rfd8 18. b4 Qb6 19. Rad1 Nh5 20. b5 {1-0 (43) Kolev,A (2568)-Komljenovic,D (2505) Dos Hermanas 2002}) 14. h3 {[%emt 0:13:30]} a5 {[%emt 0:02:30]} 15. b4 {[%emt 0:06:30]} Qh4 {[%emt 0:08:30]} 16. b5 {[%emt 0:09:30]} Bd7 {[%emt 0:06:30]} 17. Be3 {[%emt 0:02:30]} (17. Rac1 $16) 17... Bxh3 $1 {[%emt 0:17:30]} 18. Bg5 {[%emt 0:12:30]} Qg4 {[%emt 0:15:30]} 19. f3 {[%emt 0:00:30]} Qg3 {[%emt 0:00:00]} 20. Bf4 {[%emt 0:01:30]} Qxg2+ {[%emt 0:00:00]} 21. Qxg2 {[%emt 0:00:00]} Bxg2 {[%emt 0:00:30]} 22. Kxg2 {[%emt 0:00:00]} Nh5 {[%emt 0:00:00]} 23. Ne2 {[%emt 0:03:30]} ({Wrong is} 23. Bd2 $2 Bxc3 24. Bxc3 Nf4+ 25. Kg3 Nxd3 $19) 23... Bxa1 {[%emt 0:01:00]} 24. Rxa1 {[%emt 0:00:00]} Nxf4+ {[%emt 0:01:30]} 25. Nxf4 {[%emt 0:00:00]} e6 {[%emt 0:00:30]} 26. Rd1 {[%emt 0:08:30]} Rfd8 {[%emt 0:00:30]} 27. Ne2 {[%emt 0:01:30]} Rac8 {[%emt 0:01:30]} 28. Nc3 {[%emt 0:02:40]} Rc5 {[%emt 0:02:30]} 29. Be2 {[%emt 0:03:08]} Kf8 {[%emt 0:06:47]} 30. Na4 {[%emt 0:00:29]} Rg5+ {[%emt 0:00:44]} 31. Kf2 {[%emt 0:00:19]} Rh5 {[%emt 0:01:31]} 32. Kg3 {[%emt 0:07:12]} (32. c5 $5) 32... Rg5+ {[%emt 0:01:14]} 33. Kf2 {[%emt 0:00:23]} Rh5 {[%emt 0:00:20]} 34. Kg3 {[%emt 0:04:42]} Rg5+ {[%emt 0:00:33]} 35. Kf2 {[%emt 0:00:44]} Rh5 {[%emt 0:00:10]} 36. Kg3 $11 {[%emt 0:01:25]} 1/2-1/2